Przyporządkuj opis do nazwy polskich kodeksów - Statystyki

Ogólne statystyki
  • Ten quiz został rozwiązany 96 razy
  • Średni wynik to 10 z 14
Statystyki odpowiedzi
Opis Nazwa kodeksu % Poprawnych
Reguluje zasady odpowiedzialności (wina, sprawstwo, podżeganie, ...), zawiera również katalog przestępstw. Kodeks karny
100%
Normuje zagadnienia z zakresu prawa ..., stosunki między osobami fizycznymi, stosunki między osobą prawną a osobą fizyczną, prawa rzeczowe, zobowiązania i spadki. Kodeks cywilny
96%
Reguluje prawa i obowiązki w odniesieniu do wszystkich pracowników. Kodeks pracy
95%
Reguluje zasady odpowiedzialności za czyny, które nie się przestępstwami. Kodeks wykroczeń
83%
Reguluje stosunki związane z żeglugą morską. Kodeks morski
81%
Reguluje kwestie wyborów i warunków ich ważności. Kodeks wyborczy
79%
Reguluje postępowania przed sądami (...) w którym jedną ze stron jest organ państwowy. Kodeks postępowania administracyjnego
70%
Reguluje właściwości sądów w sprawach cywilnych. Kodeks postępowania cywilnego
70%
Reguluje właściwości sądów w sprawach karnych. Kodeks postępowania karnego
70%
Zawiera regulacje dotyczące spółek handlowych. Kodeks spółek handlowych
64%
Reguluje zagadnienia małżeństwa, pokrewieństwa, powinowactwa (...). Kodeks rodzinny i opiekuńczy
58%
Obejmuje sprawy o wykroczenia i przestępstwa skarbowe. Kodeks karny skarbowy
53%
Reguluje zasady i tryb wykonywania kar, środków karnych (...). Kodeks karny wykonawczy
48%
Reguluje tryb postępowania przed sądami w sprawach o wykroczenia. Kodeks postępowania w sprawach o wykroczenia
44%
Nie znaleziono quizów pasujących do podanych kryteriów
Rozkład punktacji
Procent ludzi z każdym wynikiem
Percentyl według liczby udzielonych odpowiedzi
Twoja historia wyników
Nie rozwiązałeś tego quizu